Traduction en Anglais - Thème Business & Marketing - Statistiques

Statistiques générales
  • Ce quiz a été pris 61 fois
  • Le résultat moyen est 49 sur 219
Statistiques - réponses
Français Anglais % Correct
Agence Agency
74%
Affaire Business / Deal
71%
Budget Budget
60%
Analyse Analysis
54%
Banque Bank
54%
Action Share / Stock
54%
Coût Cost
51%
Compte bancaire Bank Account
49%
Client Client / Customer
49%
Communication Communication
49%
Contrat Contract
49%
Analyse financière Financial analysis
49%
Banque en ligne Online bank
49%
Actionnaire Shareholder
49%
Équipe Team
49%
Économie Economy
46%
Expérience Experience
46%
Exportation Export
46%
Importation Import
46%
Innovation Innovation
46%
Marché Market
46%
Médias sociaux Social Media
46%
Analyse des données Data Analysis
43%
Développement Development
43%
Document Document
43%
Indicateur Indicator
43%
Intérêt Interest
43%
Marketing Marketing
43%
Média Media
43%
Opportunité Opportunity
43%
Performance Performance / Display
43%
Addition Addition
40%
Audit Audit
40%
Marque Brand
40%
Capital Capital
40%
Collaboration Collaboration
40%
Commission Commission
40%
Carte de crédit Credit Card
40%
Déficit Deficit
40%
Demande Demand
40%
Logo Logo
40%
Produit Product
40%
Service Service
40%
Compétences Skills
40%
Stratégie Strategy
40%
Campagne Campaign
37%
Crédit Credit
37%
Date limite Deadline
37%
Marketing digital Digital Marketing
37%
Marché financier Financial Market
37%
Gain Gain
37%
Graphique Graph / Chart
37%
Plan marketing Marketing Plan
37%
Plan média Media Plan
37%
Bureau Office
37%
Bénéfice Profit / Benefit
37%
Salaire Salary / Wage / Pay
37%
Sponsor Sponsor
37%
Facture Bill / Invoice
34%
Dette Debt
34%
Diagramme Diagram
34%
Inflation Inflation
34%
Influenceur Influencer
34%
Vente Sale
34%
Impôt Tax
34%
Clic Click
31%
E-commerce E-commerce
31%
Dossier File
31%
Augmentation Increase / Rise
31%
Investissement Investment
31%
Promotion Promotion
31%
Secteur Sector
31%
Statistiques Statistics
31%
Expérience utilisateur User experience
31%
Audience Audience
29%
Carte bancaire Bank Card
29%
Chèque Check
29%
Création de contenu Content Creation
29%
Baisse Decrease / Drop
29%
Estimation Estimation
29%
Partenaire Partner
29%
Pourcentage Percentage
29%
Poste (emploi) Position / Post / Job
29%
Protocole Protocol
29%
Taux Rate
29%
Segmentation Segmentation
29%
Publicité Advertising
26%
Montant Amount
26%
Consultant Consultant
26%
Contenu Content
26%
Réduction / Promo Discount / Reduction
26%
Division Division
26%
Croissance Growth
26%
Gestion Management
26%
Étude de marché Market Study / Market Research
26%
Partenariat Partnership
26%
Prospect Prospect
26%
Slogan Slogan
26%
Variation Variation
26%
Annonce Advertisement / Ad
23%
Agence publicitaire Advertising Agency
23%
Directeur général CEO / Chief Executive Officer
23%
Équation Equation
23%
Formule (maths) Formula
23%
Fonds Fund
23%
Prêt Loan
23%
Part de marché Market share
23%
Chiffre d'affaires Revenue / Turnover
23%
Avantage compétitif Competitive Advantage
20%
Monnaie Currency
20%
Ressources humaines Human Resources
20%
Taux d'intérêt Interest Rate
20%
Liquidité Liquidity
20%
Mandat Mandate
20%
Politique Policy
20%
Revenu Revenue
20%
Stagnation Stagnation
20%
Fournisseur Supplier
20%
Ciblage Targeting
20%
Comptabilité Accounting
17%
Campagne publicitaire Advertising Campaign
17%
Concurrence Competition
17%
Taux de conversion Conversion Rate
17%
Délai de livraison Delivery time
17%
Écart Difference / Gap
17%
Assemblée générale General Assembly
17%
Hausse Increase / Rise
17%
Projections Projections
17%
Rapport Report
17%
Retour sur investissement Return on investment
17%
Valeur ajoutée Added value
14%
Annonceur Advertiser
14%
Message publicitaire Advertising Message
14%
Facturation Billing / Invoicing
14%
Relation client Customer Relationship
14%
Frais Fees
14%
Taux de croissance Growth Rate
14%
Histogramme Histogram
14%
Compte joint Joint Account
14%
Profitabilité Profitability
14%
Viabilité Viability
14%
Lancement de campagne Campaign Launch
11%
Coût par clic (CPC) Cost Per Click
11%
Dividendes Dividends
11%
Dépenses Expenses
11%
Fluctuation Fluctuation
11%
Congé Leave / Time off
11%
Marges Margins
11%
Résultat net Net Result / Net Income
11%
Somme Sum
11%
Volatilité Volatility
11%
Montée Ascent / Rise / Increase
9%
Enchère Bid
9%
Diffusion Broadcasting
9%
Trésorerie Cash Flow / Treasury
9%
Canal de distribution Distribution Channel
9%
Négociation Negotiation
9%
Diagramme circulaire Pie Chart
9%
Point de vente Point of sale
9%
En progression Progressing
9%
Télétravail Remote working
9%
Volume de vente Sales Volume
9%
Épargne Savings
9%
Critères de sélection Selection criterion / Selection criteria
9%
Légère diminution Slight decrease
9%
Légère augmentation Slight increase
9%
Taux de réussite Success Rate
9%
Enquête Survey
9%
Compte courant Current Account
6%
En déclin Declining
6%
Cadre Executive / Manager
6%
En expansion Expanding
6%
Prêt à taux fixe Fixed-Rate Loan
6%
Fonds d’investissement Investment Fund
6%
Fusion (entreprises) Merger
6%
Garantie Warranty
6%
Diagramme en barres Bar Chart
3%
Appel d'offres Call for tender / Bid
3%
Taux de clic (CTR) Click-Through Rate
3%
Clientèle Clientele
3%
Capitaux propres Equity
3%
Prévisions Forecasts
3%
Fidélisation Loyalty
3%
Versement Payment
3%
Positionnement Positioning
3%
Bon de commande Purchase order
3%
Diminution Reduction / Decline
3%
Règlementation Regulation
3%
Techniques de vente Sales Techniques
3%
Compte épargne Savings Account
3%
Ralentissement Slowdown
3%
Retrait Withdrawal
3%
Placement publicitaire Ad placement
0%
Solde (compte) Balance
0%
Relevé bancaire Bank statement
0%
Bandeau publicitaire Banner Ad
0%
Affichage Billboard / Display Ads
0%
Carte de visite Business Card
0%
Coût de revient Cost Price
0%
Solde créditeur Credit balance
0%
Solde débiteur Debit balance
0%
Tendances à la baisse Downward trends / Declining trends / Decreasing trends
0%
Taux de change Exchange Rate
0%
En régression In decline
0%
Crédit immobilier Mortgage loan / Home loan
0%
En hausse On the rise
0%
Organigramme Organizational chart
0%
Remboursement Repayment / Reimbursement
0%
Représentant Representative
0%
Argument de vente Sales pitch
0%
Indice boursier Stock Market Index
0%
Subvention Subsidy
0%
Soustraction Subtraction
0%
Poussée / pic Surge / Peak
0%
Syndicat Trade union
0%
Tendances à la hausse Upward trends
0%
Évaluation Valuation
0%
Prêt à taux variable Variable-Rate Loan
0%
Virement Wire Transfer / Transfer
0%
Aucun quiz correspondant
Distribution des résultats
% des personnes avec chaque résultat
Percentile par nombre de réponses
Votre historique - résultats
Vous n’avez pas pris ce quiz